Maryūṭ : jannat al-ṣaḥārī al-Afrīqīyah wa-rawḍ al-Ṣaḥrāʼ al-gharibīyah, khamīlat al-ḥubb -- wa-ayk al-ghināʼ-- wa-bustān al-ṭabīʻah /

محفوظ في:

المؤلف الرئيسي: Wākid, ʿAbd-al-Laṭīf (مؤلف)

التنسيق: كتاب

اللغة: Arabic

منشور في: [Cairo] : Maṭbaʻat al-Muqtaṭaf wa-al-Muqaṭṭam, 1947.

الموضوعات:

الوسوم: إضافة وسم

لا توجد وسوم, كن أول من يضع وسما على هذه التسجيلة!

رقم الطلب: DT137 .M37 W355 1947

LEADER 01170nam a22002297a 4500
003 OSt
005 20251221110113.0
008 251221t1947 ua abc b 000 0 ara d
040 |c ARCE Library 
043 |a f-ua--- 
050 1 4 |a DT137 .M37  |b W355 1947 
100 1 |6 880-01  |a Wākid, ʿAbd-al-Laṭīf,  |e author  |9 41824 
245 1 0 |6 880-02  |a Maryūṭ :   |b jannat al-ṣaḥārī al-Afrīqīyah wa-rawḍ al-Ṣaḥrāʼ al-gharibīyah, khamīlat al-ḥubb -- wa-ayk al-ghināʼ-- wa-bustān al-ṭabīʻah /   |c bi-qalam ʻAbd al-Laṭīf Wākid. 
264 1 |a [Cairo] :  |b Maṭbaʻat al-Muqtaṭaf wa-al-Muqaṭṭam,  |c 1947. 
300 |a 119 pages :   |b illustrations, map, Portraits ;   |c 24 cm. 
504 |a Includes bibliographical references (p. 115-116). 
651 0 |a Maryūṭ (Egypt : District)  |v ] 
880 1 |6 100-01/(3/r  |a واكد، عبد اللطيف 
880 1 0 |6 245-02/(3/r  |a ‪‪‪‪‪‪‪ مريوط : جنة الصحارى الأفريقية وروض الصحراء الغربية، خميلة الحب.. وأيك الغناء.. وبستان الطبيعة  |c بقلم عبد اللطيف واكد 
901 |a reviewed 
942 |c BK  |2 lcc 
999 |c 26186  |d 26186